[Event "Azerbaijan Chess Championship2015 - Men"]
[Site ""]
[Date "2015.01.06"]
[Round "1"]
[Board "1"]
[White "Mamedov, Rauf"]
[Black "Izzat, Kanan"]
[Result "1-0"]
[WhiteElo "2642"]
[BlackElo "2424"]
[PlyCount "0"]
[EventDate "2015.01.06"]
[EventRounds "9"]
[EventCountry "AZE"]

1. e4 {[%clk 1:30:52]} e5 {[%clk 1:30:52]} 2. Bc4 {[%clk 1:31:18]} Nf6
{[%clk 1:30:35]} 3. d3 {[%clk 1:31:45]} Nc6 {[%clk 1:30:08]} 4. Nf3
{[%clk 1:32:04]} Be7 {[%clk 1:26:25]} 5. O-O {[%clk 1:31:56]} O-O
{[%clk 1:26:45]} 6. Re1 {[%clk 1:31:57]} d6 {[%clk 1:26:30]} 7. c3
{[%clk 1:32:06]} Bg4 {[%clk 1:12:13]} 8. h3 {[%clk 1:28:47]} Bh5 {[%clk 1:12:09]}
9. Nbd2 {[%clk 1:29:14]} Nd7 {[%clk 1:00:04]} 10. Nf1 {[%clk 1:29:05]} Nc5
{[%clk 0:55:34]} 11. Ng3 {[%clk 1:22:56]} Bxf3 {[%clk 0:54:01]} 12. Qxf3
{[%clk 1:23:20]} Bg5 {[%clk 0:54:27]} 13. Nf5 {[%clk 1:09:10]} Bxc1
{[%clk 0:52:18]} 14. Raxc1 {[%clk 1:09:33]} Qf6 {[%clk 0:43:26]} 15. Rcd1
{[%clk 1:01:08]} Ne6 {[%clk 0:30:25]} 16. d4 {[%clk 0:59:08]} Nf4
{[%clk 0:26:59]} 17. dxe5 {[%clk 0:49:53]} Nxe5 {[%clk 0:26:36]} 18. Bxf7+
{[%clk 0:48:11]} Qxf7 {[%clk 0:15:21]} 19. Qxf4 {[%clk 0:48:35]} Kh8
{[%clk 0:15:49]} 20. Qg3 {[%clk 0:47:40]} g6 {[%clk 0:16:08]} 21. Nd4
{[%clk 0:46:49]} Qxa2 {[%clk 0:16:15]} 22. b3 {[%clk 0:44:14]} Nc6
{[%clk 0:14:31]} 23. f4 {[%clk 0:31:15]} Rae8 {[%clk 0:14:20]} 24. e5
{[%clk 0:28:46]} Nxd4 {[%clk 0:10:30]} 25. cxd4 {[%clk 0:29:04]} Qa5
{[%clk 0:09:45]} 26. Qe3 {[%clk 0:15:46]} Qd5 {[%clk 0:09:22]} 27. Rf1
{[%clk 0:16:06]} g5 {[%clk 0:05:51]} 28. Rde1 {[%clk 0:08:16]} gxf4
{[%clk 0:02:31]} 29. Rxf4 {[%clk 0:08:43]} dxe5 {[%clk 0:02:41]} 30. Rxf8+
{[%clk 0:06:47]} Rxf8 {[%clk 0:03:10]} 31. dxe5 {[%clk 0:07:12]} c5
{[%clk 0:02:41]} 32. Kh1 {[%clk 0:06:27]} Rg8 {[%clk 0:01:56]} 33. Qf2
{[%clk 0:06:48]} Qe6 {[%clk 0:00:51]} 34. Qxc5 {[%clk 0:06:52]} b6
{[%clk 0:00:47]} 35. Qd4 {[%clk 0:05:55]} Re8 {[%clk 0:00:36]} 36. b4
{[%clk 0:05:54]} a5 {[%clk 0:00:35]} 37. b5 {[%clk 0:06:02]} Re7 {[%clk 0:00:47]}
38. Qf4 {[%clk 0:02:26]} Rf7 {[%clk 0:00:42]} 39. Qg3 {[%clk 0:02:19]} Rg7
{[%clk 0:00:43]} 40. Qh4 {[%clk 0:02:10]} Rf7 {[%clk 0:30:31]} 41. Qd8+
{[%clk 0:31:55]} Kg7 {[%clk 0:30:57]} 42. Re3 {[%clk 0:30:48]} Rf5
{[%clk 0:19:26]} 43. Rg3+ {[%clk 0:30:45]} Kf7 {[%clk 0:19:50]} 44. Qg8+
{[%clk 0:30:45]} Ke7 {[%clk 0:19:11]} 45. Qxh7+ {[%clk 0:31:11]} Rf7
{[%clk 0:19:30]} 46. Qh4+ {[%clk 0:31:10]} Kd7 {[%clk 0:19:51]} 47. Qe4
{[%clk 0:30:10]} 1-0

[Event "Azerbaijan Chess Championship2015 - Men"]
[Site ""]
[Date "2015.01.06"]
[Round "1"]
[Board "2"]
[White "Rzayev, Bahruz"]
[Black "Safarli, Eltaj"]
[Result "1/2-1/2"]
[WhiteElo "2416"]
[BlackElo "2635"]
[PlyCount "0"]
[EventDate "2015.01.06"]
[EventRounds "9"]
[EventCountry "AZE"]

1. Nf3 {[%clk 1:30:56]} Nf6 {[%clk 1:30:48]} 2. g3 {[%clk 1:31:20]} b5
{[%clk 1:31:01]} 3. Bg2 {[%clk 1:31:43]} Bb7 {[%clk 1:31:27]} 4. O-O
{[%clk 1:31:11]} e6 {[%clk 1:31:47]} 5. d3 {[%clk 1:31:36]} Be7 {[%clk 1:31:37]}
6. e4 {[%clk 1:30:41]} d6 {[%clk 1:31:58]} 7. c3 {[%clk 1:30:02]} O-O
{[%clk 1:31:21]} 8. Qb3 {[%clk 1:26:27]} a6 {[%clk 1:29:04]} 9. a4
{[%clk 1:25:40]} Nbd7 {[%clk 1:29:14]} 10. axb5 {[%clk 1:23:31]} Nc5
{[%clk 1:27:56]} 11. Qc2 {[%clk 1:23:35]} axb5 {[%clk 1:28:20]} 12. Na3
{[%clk 1:23:43]} c6 {[%clk 1:20:53]} 13. h3 {[%clk 1:16:05]} e5 {[%clk 1:18:24]}
14. Be3 {[%clk 1:14:53]} Qc7 {[%clk 1:17:29]} 15. Nh4 {[%clk 1:12:20]} Rfe8
{[%clk 1:14:57]} 16. d4 {[%clk 1:08:48]} Ne6 {[%clk 1:13:30]} 17. Nf5
{[%clk 1:04:21]} Bf8 {[%clk 1:13:28]} 18. f4 {[%clk 0:59:19]} exd4
{[%clk 1:10:09]} 19. cxd4 {[%clk 0:58:07]} d5 {[%clk 0:54:40]} 20. e5
{[%clk 0:53:16]} Ne4 {[%clk 0:50:20]} 21. Bxe4 {[%clk 0:46:12]} dxe4
{[%clk 0:50:31]} 22. d5 {[%clk 0:46:16]} cxd5 {[%clk 0:44:20]} 23. Qxc7
{[%clk 0:46:39]} Nxc7 {[%clk 0:44:46]} 24. Nd6 {[%clk 0:40:42]} Bxd6
{[%clk 0:39:18]} 25. exd6 {[%clk 0:41:03]} b4 {[%clk 0:36:10]} 26. dxc7
{[%clk 0:40:43]} bxa3 {[%clk 0:36:35]} 27. Rxa3 {[%clk 0:40:17]} Rxa3
{[%clk 0:36:32]} 28. bxa3 {[%clk 0:40:45]} Rc8 {[%clk 0:36:53]} 29. Bb6
{[%clk 0:34:25]} Kf8 {[%clk 0:34:34]} 30. Rb1 {[%clk 0:34:29]} Ke8
{[%clk 0:34:30]} 31. Ba5 {[%clk 0:32:18]} Bc6 {[%clk 0:31:28]} 32. Kf2
{[%clk 0:32:39]} Kd7 {[%clk 0:21:40]} 33. Ke3 {[%clk 0:33:00]} Kd6
{[%clk 0:20:44]} 34. Kd4 {[%clk 0:32:07]} Bd7 {[%clk 0:20:31]} 35. h4
{[%clk 0:31:08]} Ra8 {[%clk 0:19:55]} 36. Rb6+ {[%clk 0:31:33]} Kxc7
{[%clk 0:20:03]} 37. Ra6+ {[%clk 0:31:57]} Kb7 {[%clk 0:20:23]} 38. Rxa8
{[%clk 0:32:16]} Kxa8 {[%clk 0:20:49]} 39. Kxd5 {[%clk 0:32:39]} Bg4
{[%clk 0:18:24]} 40. Kxe4 {[%clk 1:02:47]} f5+ {[%clk 0:48:37]} 1/2-1/2

[Event "Azerbaijan Chess Championship2015 - Men"]
[Site ""]
[Date "2015.01.06"]
[Round "1"]
[Board "3"]
[White "Durarbayli, Vasif"]
[Black "Sadikhov, Ulvi"]
[Result "1-0"]
[WhiteElo "2635"]
[BlackElo "2414"]
[PlyCount "0"]
[EventDate "2015.01.06"]
[EventRounds "9"]
[EventCountry "AZE"]

1. e4 {[%clk 1:30:56]} d6 {[%clk 1:30:49]} 2. d4 {[%clk 1:31:20]} Nf6
{[%clk 1:31:10]} 3. Nc3 {[%clk 1:31:44]} e5 {[%clk 1:31:34]} 4. Nf3
{[%clk 1:32:10]} Nbd7 {[%clk 1:32:00]} 5. a4 {[%clk 1:32:31]} Be7
{[%clk 1:32:23]} 6. Bc4 {[%clk 1:32:52]} O-O {[%clk 1:32:40]} 7. O-O
{[%clk 1:31:27]} a5 {[%clk 1:33:03]} 8. Re1 {[%clk 1:31:47]} c6 {[%clk 1:33:28]}
9. h3 {[%clk 1:32:10]} Nb6 {[%clk 1:33:52]} 10. Bb3 {[%clk 1:32:36]} Nfd7
{[%clk 1:34:13]} 11. Be3 {[%clk 1:33:00]} exd4 {[%clk 1:33:53]} 12. Nxd4
{[%clk 1:33:22]} Nc5 {[%clk 1:30:47]} 13. Qf3 {[%clk 1:33:35]} Nxb3
{[%clk 1:28:54]} 14. cxb3 {[%clk 1:33:58]} Re8 {[%clk 1:21:51]} 15. Rad1
{[%clk 1:32:43]} Be6 {[%clk 1:00:03]} 16. Qg3 {[%clk 1:25:22]} Nd7
{[%clk 0:56:33]} 17. Nxe6 {[%clk 1:19:24]} fxe6 {[%clk 0:56:58]} 18. Bh6
{[%clk 1:19:49]} g6 {[%clk 0:56:51]} 19. Qg4 {[%clk 1:11:52]} Kf7
{[%clk 0:44:32]} 20. e5 {[%clk 1:10:24]} d5 {[%clk 0:44:35]} 21. Rd3
{[%clk 1:05:36]} Bf8 {[%clk 0:41:57]} 22. Bxf8 {[%clk 1:05:34]} Kxf8
{[%clk 0:41:27]} 23. h4 {[%clk 1:05:40]} Kg7 {[%clk 0:33:32]} 24. h5
{[%clk 1:02:22]} Rf8 {[%clk 0:32:58]} 25. hxg6 {[%clk 0:57:19]} hxg6
{[%clk 0:33:16]} 26. Rg3 {[%clk 0:54:58]} Qe8 {[%clk 0:33:31]} 27. Ne2
{[%clk 0:54:28]} Nxe5 {[%clk 0:25:17]} 28. Qd4 {[%clk 0:54:46]} Rf5
{[%clk 0:25:40]} 29. Re3 {[%clk 0:50:55]} c5 {[%clk 0:20:30]} 30. Qxc5
{[%clk 0:50:30]} Nd7 {[%clk 0:17:00]} 31. Qd4+ {[%clk 0:48:27]} Rf6
{[%clk 0:11:20]} 32. Nc3 {[%clk 0:47:00]} Kf8 {[%clk 0:06:24]} 33. Nxd5
{[%clk 0:44:13]} exd5 {[%clk 0:06:17]} 34. Rxe8+ {[%clk 0:44:39]} Rxe8
{[%clk 0:06:44]} 35. Rxe8+ {[%clk 0:45:03]} Kxe8 {[%clk 0:07:12]} 36. Qxd5
{[%clk 0:45:26]} b6 {[%clk 0:07:34]} 37. b4 {[%clk 0:45:48]} axb4
{[%clk 0:07:38]} 38. Qe4+ {[%clk 0:46:14]} Kd8 {[%clk 0:07:40]} 39. Qxb4
{[%clk 0:46:38]} Kc7 {[%clk 0:07:53]} 40. Qe4 {[%clk 1:16:41]} Rd6
{[%clk 0:38:01]} 41. b4 {[%clk 1:16:55]} Rf6 {[%clk 0:38:09]} 42. f3
{[%clk 1:16:36]} Rf5 {[%clk 0:38:11]} 43. Qc4+ {[%clk 1:16:37]} Kd6
{[%clk 0:38:33]} 44. Kh2 {[%clk 1:16:42]} Rh5+ {[%clk 0:38:54]} 45. Kg3
{[%clk 1:17:07]} Rf5 {[%clk 0:39:15]} 46. Qc3 {[%clk 1:17:23]} Rg5+
{[%clk 0:39:02]} 47. Kf2 {[%clk 1:17:15]} Rf5 {[%clk 0:39:26]} 48. g4
{[%clk 1:17:29]} Rf6 {[%clk 0:39:52]} 49. Kg3 {[%clk 1:17:52]} Ke7
{[%clk 0:39:58]} 50. a5 {[%clk 1:17:53]} bxa5 {[%clk 0:40:19]} 51. bxa5
{[%clk 1:18:19]} 1-0

[Event "Azerbaijan Chess Championship2015 - Men"]
[Site ""]
[Date "2015.01.06"]
[Round "1"]
[Board "4"]
[White "Iskandarov, Misratdin"]
[Black "Guseinov, Gadir"]
[Result "1/2-1/2"]
[WhiteElo "2405"]
[BlackElo "2610"]
[PlyCount "0"]
[EventDate "2015.01.06"]
[EventRounds "9"]
[EventCountry "AZE"]

1. e4 {[%clk 1:31:19]} c5 2. Nf3 Nc6 {[%clk 1:29:59]} 3. d4 {[%clk 1:31:43]} cxd4
{[%clk 1:30:09]} 4. Nxd4 {[%clk 1:32:08]} g6 {[%clk 1:28:37]} 5. c4
{[%clk 1:32:31]} Nf6 {[%clk 1:26:01]} 6. Nc3 {[%clk 1:32:54]} Nxd4
{[%clk 1:25:54]} 7. Qxd4 {[%clk 1:33:13]} d6 {[%clk 1:26:20]} 8. Bg5
{[%clk 1:33:20]} Bg7 {[%clk 1:26:43]} 9. Be2 {[%clk 1:33:43]} O-O
{[%clk 1:27:01]} 10. Qe3 {[%clk 1:34:09]} Qb6 {[%clk 1:25:15]} 11. Qd2
{[%clk 1:25:58]} Be6 {[%clk 1:21:09]} 12. Rc1 {[%clk 1:24:49]} Qa5
{[%clk 1:15:35]} 13. f3 {[%clk 1:21:12]} Rfc8 {[%clk 1:13:54]} 14. b3
{[%clk 1:21:02]} a6 {[%clk 1:14:02]} 15. Rc2 {[%clk 1:19:45]} b5 {[%clk 1:10:08]}
16. Nd5 {[%clk 1:14:28]} Qxd2+ {[%clk 1:10:08]} 17. Kxd2 {[%clk 1:14:53]} Nxd5
{[%clk 1:10:23]} 18. cxd5 {[%clk 1:15:15]} Rxc2+ {[%clk 1:10:46]} 19. Kxc2
{[%clk 1:15:41]} Rc8+ {[%clk 1:11:07]} 20. Kb1 {[%clk 1:16:09]} f6
{[%clk 1:11:19]} 21. Be3 {[%clk 1:16:09]} Bd7 {[%clk 1:11:36]} 22. Rc1
{[%clk 1:16:31]} f5 {[%clk 1:06:38]} 23. Rxc8+ {[%clk 1:10:01]} Bxc8
{[%clk 1:06:57]} 24. exf5 {[%clk 1:10:24]} Bxf5+ {[%clk 1:03:44]} 25. Kc1
{[%clk 1:10:47]} Kf7 {[%clk 1:03:43]} 26. Kd2 {[%clk 1:01:00]} Bd7
{[%clk 0:57:46]} 27. Bb6 {[%clk 0:49:47]} Be5 {[%clk 0:56:05]} 28. g3
{[%clk 0:49:23]} g5 {[%clk 0:56:12]} 29. Ke3 {[%clk 0:41:25]} Kf6
{[%clk 0:50:56]} 30. Bd4 {[%clk 0:34:22]} h6 {[%clk 0:50:05]} 31. Bd3
{[%clk 0:26:34]} Be8 {[%clk 0:46:52]} 32. b4 {[%clk 0:24:58]} Bd7
{[%clk 0:42:43]} 33. Be4 {[%clk 0:19:11]} Bc8 {[%clk 0:40:23]} 1/2-1/2

[Event "Azerbaijan Chess Championship2015 - Men"]
[Site ""]
[Date "2015.01.06"]
[Round "1"]
[Board "5"]
[White "Mirzoev, Azer"]
[Black "Guliev, Logman"]
[Result "1/2-1/2"]
[WhiteElo "2549"]
[BlackElo "2385"]
[PlyCount "0"]
[EventDate "2015.01.06"]
[EventRounds "9"]
[EventCountry "AZE"]

1. Nf3 Nf6 2. d4 d5 3. Bf4 c6 4. e3 Bf5 5. Nbd2 {[%clk 1:11:12]} e6
{[%clk 1:25:07]} 6. c4 {[%clk 1:10:48]} Nbd7 {[%clk 1:24:08]} 7. Be2
{[%clk 1:10:52]} Be7 {[%clk 1:24:00]} 8. h3 {[%clk 1:11:10]} Ne4 {[%clk 1:22:09]}
9. O-O {[%clk 1:10:51]} Nxd2 {[%clk 1:21:53]} 10. Nxd2 {[%clk 1:10:26]} O-O
{[%clk 1:21:08]} 11. Qb3 {[%clk 1:04:35]} Qb6 {[%clk 1:17:52]} 12. Rfc1
{[%clk 0:59:08]} Rfc8 {[%clk 1:10:32]} 13. Bf1 {[%clk 0:54:00]} h6
{[%clk 1:06:33]} 14. a3 {[%clk 0:47:42]} Qxb3 {[%clk 0:54:13]} 15. Nxb3
{[%clk 0:48:02]} a5 {[%clk 0:54:13]} 16. Nd2 {[%clk 0:47:38]} Bd8
{[%clk 0:43:50]} 17. g4 {[%clk 0:45:56]} Bg6 {[%clk 0:40:58]} 18. Bg3
{[%clk 0:46:17]} Bc7 {[%clk 0:39:43]} 19. Bxc7 {[%clk 0:46:18]} Rxc7
{[%clk 0:40:09]} 20. Rc3 {[%clk 0:44:54]} Rcc8 {[%clk 0:37:09]} 21. Rac1
{[%clk 0:44:45]} Nf6 {[%clk 0:32:20]} 22. cxd5 {[%clk 0:40:59]} exd5
{[%clk 0:31:15]} 23. Bd3 {[%clk 0:40:49]} Bxd3 {[%clk 0:30:46]} 24. Rxd3
{[%clk 0:41:11]} Re8 {[%clk 0:30:34]} 25. Kg2 {[%clk 0:41:19]} a4
{[%clk 0:30:13]} 26. Rdc3 {[%clk 0:36:27]} Ne4 {[%clk 0:29:58]} 27. Nxe4
{[%clk 0:36:38]} Rxe4 {[%clk 0:30:21]} 28. f3 {[%clk 0:36:31]} Re6
{[%clk 0:30:20]} 29. Kf2 {[%clk 0:36:46]} Kf8 {[%clk 0:30:24]} 30. h4
{[%clk 0:37:01]} g6 {[%clk 0:30:12]} 31. Rc5 {[%clk 0:35:44]} Rae8
{[%clk 0:29:07]} 1/2-1/2

[Event "Azerbaijan Chess Championship2015 - Men"]
[Site ""]
[Date "2015.01.06"]
[Round "1"]
[Board "6"]
[White "Abdulov, Orkhan"]
[Black "Abasov, Nijat"]
[Result "1/2-1/2"]
[WhiteElo "2342"]
[BlackElo "2530"]
[PlyCount "0"]
[EventDate "2015.01.06"]
[EventRounds "9"]
[EventCountry "AZE"]

1. e4 {[%clk 1:30:58]} e5 {[%clk 1:30:53]} 2. Nf3 {[%clk 1:30:46]} Nc6
{[%clk 1:31:16]} 3. Be2 {[%clk 1:29:47]} Nf6 {[%clk 1:31:34]} 4. Nc3
{[%clk 1:30:04]} d5 {[%clk 1:27:56]} 5. exd5 {[%clk 1:24:15]} Nxd5
{[%clk 1:28:11]} 6. O-O {[%clk 1:21:25]} Nxc3 {[%clk 1:26:35]} 7. dxc3
{[%clk 1:21:28]} Qxd1 {[%clk 1:19:38]} 8. Rxd1 {[%clk 1:21:46]} f6
{[%clk 1:19:33]} 9. Be3 {[%clk 1:17:59]} Be6 {[%clk 1:11:54]} 10. Nd2
{[%clk 1:15:03]} O-O-O {[%clk 1:09:29]} 11. b4 {[%clk 1:12:22]} Be7
{[%clk 0:58:43]} 12. a4 {[%clk 1:08:49]} Bf5 {[%clk 0:56:55]} 13. Rdc1
{[%clk 1:01:25]} a5 {[%clk 0:50:07]} 14. bxa5 {[%clk 0:38:55]} Nxa5
{[%clk 0:47:38]} 15. Nc4 {[%clk 0:38:55]} Nxc4 {[%clk 0:40:57]} 16. Bxc4
{[%clk 0:39:09]} Be4 {[%clk 0:36:48]} 17. a5 {[%clk 0:36:43]} Kb8
{[%clk 0:36:29]} 18. f3 {[%clk 0:31:36]} Bf5 {[%clk 0:34:25]} 19. Rcb1
{[%clk 0:26:24]} Bxc2 {[%clk 0:32:01]} 20. Rb5 {[%clk 0:06:26]} Bd3
{[%clk 0:13:48]} 21. a6 {[%clk 0:05:42]} b6 {[%clk 0:09:03]} 22. a7+
{[%clk 0:05:41]} Ka8 {[%clk 0:09:29]} 23. Bd5+ {[%clk 0:06:03]} Rxd5
{[%clk 0:09:54]} 24. Rxd5 {[%clk 0:06:32]} Bf5 {[%clk 0:10:23]} 25. Rd2
{[%clk 0:05:14]} Kb7 {[%clk 0:08:19]} 26. c4 {[%clk 0:03:38]} Ra8
{[%clk 0:05:44]} 27. Rda2 {[%clk 0:00:44]} Be6 {[%clk 0:05:39]} 28. Ra4
{[%clk 0:00:54]} Bd7 {[%clk 0:05:05]} 29. R4a2 {[%clk 0:01:17]} Be6
{[%clk 0:05:32]} 30. Ra4 {[%clk 0:01:44]} Bd7 {[%clk 0:05:55]} 31. Ra6
{[%clk 0:00:51]} c5 {[%clk 0:05:35]} 32. Kf2 {[%clk 0:00:52]} Be6
{[%clk 0:05:59]} 33. R6a4 {[%clk 0:01:06]} Bd7 {[%clk 0:06:25]} 34. R4a3
{[%clk 0:01:12]} Be6 {[%clk 0:06:52]} 35. Ra4 {[%clk 0:01:12]} Bd7
{[%clk 0:06:10]} 36. R4a3 {[%clk 0:01:06]} Be6 {[%clk 0:06:34]} 1/2-1/2

[Event "Azerbaijan Chess Championship2015 - Men"]
[Site ""]
[Date "2015.01.06"]
[Round "1"]
[Board "7"]
[White "Gasimov, Parviz"]
[Black "Heydarli, Kanan"]
[Result "1-0"]
[WhiteElo "2517"]
[BlackElo "2273"]
[PlyCount "0"]
[EventDate "2015.01.06"]
[EventRounds "9"]
[EventCountry "AZE"]

1. e4 {[%clk 1:30:50]} c5 {[%clk 1:30:52]} 2. Nf3 {[%clk 1:30:54]} e6
{[%clk 1:31:10]} 3. c3 {[%clk 1:30:51]} d5 {[%clk 1:31:24]} 4. exd5
{[%clk 1:30:48]} Qxd5 {[%clk 1:31:45]} 5. d4 {[%clk 1:31:04]} Nf6
{[%clk 1:31:42]} 6. Na3 {[%clk 1:29:59]} cxd4 {[%clk 1:28:07]} 7. Nb5
{[%clk 1:26:27]} Qd8 {[%clk 1:22:40]} 8. Qxd4 {[%clk 1:15:29]} Qxd4
{[%clk 1:17:30]} 9. Nfxd4 {[%clk 1:14:52]} Na6 {[%clk 1:15:33]} 10. Bf4
{[%clk 1:09:47]} Bc5 {[%clk 1:01:55]} 11. Nb3 {[%clk 0:52:52]} Bb6
{[%clk 0:56:46]} 12. a4 {[%clk 0:36:56]} Nd5 {[%clk 0:50:56]} 13. Bd6
{[%clk 0:34:07]} Bd8 {[%clk 0:43:47]} 14. O-O-O {[%clk 0:27:38]} Be7
{[%clk 0:41:57]} 15. Na5 {[%clk 0:25:15]} Bd8 {[%clk 0:30:58]} 16. Nb3
{[%clk 0:18:51]} Be7 {[%clk 0:31:06]} 17. Na5 {[%clk 0:17:48]} Bd8
{[%clk 0:31:25]} 18. Nc4 {[%clk 0:17:41]} Be7 {[%clk 0:27:27]} 19. Be2
{[%clk 0:13:46]} Bd7 {[%clk 0:25:03]} 20. Bf3 {[%clk 0:12:33]} Bc6
{[%clk 0:25:04]} 21. Rhe1 {[%clk 0:10:01]} Bxd6 {[%clk 0:25:09]} 22. Ncxd6+
{[%clk 0:09:14]} Kf8 {[%clk 0:25:28]} 23. c4 {[%clk 0:08:01]} Nb6
{[%clk 0:25:26]} 24. a5 {[%clk 0:03:26]} Nxc4 {[%clk 0:18:57]} 25. Nxc4
{[%clk 0:03:52]} Bxb5 {[%clk 0:19:22]} 26. Bxb7 {[%clk 0:04:14]} Rb8
{[%clk 0:19:25]} 27. Nd6 {[%clk 0:03:42]} Nc7 {[%clk 0:15:14]} 28. Nxb5
{[%clk 0:02:33]} Nxb5 {[%clk 0:15:33]} 29. Rd7 {[%clk 0:02:46]} g6
{[%clk 0:15:00]} 30. a6 {[%clk 0:02:42]} Ke8 {[%clk 0:13:19]} 31. Red1
{[%clk 0:01:54]} Kf8 {[%clk 0:13:39]} 32. Re1 {[%clk 0:01:52]} Ke8
{[%clk 0:14:01]} 33. Red1 {[%clk 0:01:21]} Kf8 {[%clk 0:14:29]} 34. R1d3
{[%clk 0:01:31]} e5 {[%clk 0:13:32]} 35. R3d5 {[%clk 0:01:20]} Nd4
{[%clk 0:13:04]} 36. Rxe5 {[%clk 0:01:37]} Nf5 {[%clk 0:12:07]} 37. g4
{[%clk 0:01:09]} 1-0

[Event "Azerbaijan Chess Championship2015 - Men"]
[Site ""]
[Date "2015.01.06"]
[Round "1"]
[Board "8"]
[White "Shahaliyev, Ismayil"]
[Black "Sevdimaliyev, Urfan"]
[Result "1-0"]
[WhiteElo "2273"]
[BlackElo "2505"]
[PlyCount "0"]
[EventDate "2015.01.06"]
[EventRounds "9"]
[EventCountry "AZE"]

1. e4 {[%clk 1:30:56]} c5 {[%clk 1:30:55]} 2. Nf3 {[%clk 1:31:21]} Nc6
{[%clk 1:31:10]} 3. Bb5 {[%clk 1:31:45]} d6 {[%clk 1:31:17]} 4. Bxc6+
{[%clk 1:31:49]} bxc6 {[%clk 1:31:42]} 5. O-O {[%clk 1:32:14]} e5
{[%clk 1:30:18]} 6. c3 {[%clk 1:30:44]} Bg4 {[%clk 1:29:26]} 7. h3
{[%clk 1:31:06]} Bxf3 {[%clk 1:29:02]} 8. Qxf3 {[%clk 1:31:30]} Nf6
{[%clk 1:29:29]} 9. Na3 {[%clk 1:30:49]} Be7 {[%clk 1:28:33]} 10. d3
{[%clk 1:25:11]} O-O {[%clk 1:28:26]} 11. Nc4 {[%clk 1:25:36]} Ne8
{[%clk 1:15:40]} 12. b4 {[%clk 1:25:37]} cxb4 {[%clk 1:15:11]} 13. cxb4
{[%clk 1:26:05]} Nc7 {[%clk 1:14:26]} 14. Be3 {[%clk 1:25:05]} Ne6
{[%clk 1:13:11]} 15. Rac1 {[%clk 1:25:08]} Qd7 {[%clk 1:08:56]} 16. Rc2
{[%clk 1:24:55]} Rfc8 {[%clk 1:00:50]} 17. Rfc1 {[%clk 1:18:07]} Rc7
{[%clk 0:53:49]} 18. Qd1 {[%clk 0:56:24]} Bf6 {[%clk 0:43:15]} 19. Na5
{[%clk 0:49:49]} Rac8 {[%clk 0:42:32]} 20. Nb3 {[%clk 0:50:08]} Qe7
{[%clk 0:30:07]} 21. Na5 {[%clk 0:37:12]} Qd7 {[%clk 0:28:40]} 22. a3
{[%clk 0:37:02]} d5 {[%clk 0:22:38]} 23. Nb3 {[%clk 0:34:40]} Rd8
{[%clk 0:16:45]} 24. Qf3 {[%clk 0:32:22]} d4 {[%clk 0:14:25]} 25. Bd2
{[%clk 0:32:42]} Be7 {[%clk 0:14:14]} 26. Rc4 {[%clk 0:17:14]} Rdc8
{[%clk 0:13:00]} 27. a4 {[%clk 0:16:39]} a6 {[%clk 0:11:46]} 28. Qh5
{[%clk 0:11:36]} f6 {[%clk 0:08:26]} 29. Qg4 {[%clk 0:11:35]} Kf7
{[%clk 0:05:13]} 30. Qh5+ {[%clk 0:07:14]} Kg8 {[%clk 0:05:35]} 31. Qg4
{[%clk 0:07:41]} Kf7 {[%clk 0:06:03]} 32. f4 {[%clk 0:03:01]} Nxf4
{[%clk 0:04:32]} 33. Bxf4 {[%clk 0:02:25]} Qxg4 {[%clk 0:04:46]} 34. hxg4
{[%clk 0:02:51]} exf4 {[%clk 0:05:11]} 35. Nxd4 {[%clk 0:03:05]} c5
{[%clk 0:03:50]} 36. Nb3 {[%clk 0:03:06]} Rb8 {[%clk 0:02:27]} 37. Nxc5
{[%clk 0:02:15]} Bxc5+ {[%clk 0:00:34]} 38. bxc5 {[%clk 0:02:22]} Rb3
{[%clk 0:00:35]} 39. d4 {[%clk 0:02:40]} Rg3 {[%clk 0:00:35]} 40. d5
{[%clk 0:32:13]} f3 {[%clk 0:30:43]} 41. Kf2 {[%clk 0:30:05]} Rxg2+
{[%clk 0:29:58]} 42. Kxf3 {[%clk 0:29:07]} Rb2 {[%clk 0:30:18]} 43. Rd1
{[%clk 0:26:44]} Rb3+ {[%clk 0:29:33]} 44. Ke2 {[%clk 0:26:35]} Rb2+
{[%clk 0:29:18]} 45. Ke3 {[%clk 0:26:48]} 1-0

[Event "Azerbaijan Chess Championship2015 - Men"]
[Site ""]
[Date "2015.01.06"]
[Round "1"]
[Board "9"]
[White "Bajarani, Ulvi"]
[Black "Shabanov, Nurlan"]
[Result "1-0"]
[WhiteElo "2494"]
[BlackElo "2165"]
[PlyCount "0"]
[EventDate "2015.01.06"]
[EventRounds "9"]
[EventCountry "AZE"]

1. d4 {[%clk 1:30:58]} d6 {[%clk 1:30:26]} 2. e4 {[%clk 1:31:11]} g6
{[%clk 1:29:58]} 3. Nc3 {[%clk 1:31:26]} Bg7 {[%clk 1:30:09]} 4. f4
{[%clk 1:31:47]} Nf6 {[%clk 1:28:34]} 5. Nf3 {[%clk 1:32:01]} O-O
{[%clk 1:28:46]} 6. Bd3 {[%clk 1:32:23]} c5 {[%clk 1:26:51]} 7. dxc5
{[%clk 1:32:39]} dxc5 {[%clk 1:25:03]} 8. e5 {[%clk 1:33:00]} Nd5
{[%clk 1:24:20]} 9. Nxd5 {[%clk 1:33:16]} Qxd5 {[%clk 1:24:43]} 10. Qe2
{[%clk 1:33:39]} Bg4 {[%clk 1:19:10]} 11. Be4 {[%clk 1:33:12]} Qd7
{[%clk 1:19:29]} 12. Be3 {[%clk 1:32:46]} Na6 {[%clk 1:16:50]} 13. O-O
{[%clk 1:26:22]} Rad8 {[%clk 1:11:39]} 14. Rad1 {[%clk 1:22:29]} Qc8
{[%clk 1:11:25]} 15. Qb5 {[%clk 1:19:48]} b6 {[%clk 1:07:48]} 16. c3
{[%clk 1:19:09]} Nc7 {[%clk 0:58:15]} 17. Qa4 {[%clk 1:18:16]} Bf5
{[%clk 0:45:22]} 18. Bxf5 {[%clk 1:15:26]} Qxf5 {[%clk 0:45:36]} 19. Rxd8
{[%clk 1:14:37]} Rxd8 {[%clk 0:45:59]} 20. Qxa7 {[%clk 1:14:49]} Nd5
{[%clk 0:40:36]} 21. Bd2 {[%clk 1:14:19]} Qd3 {[%clk 0:29:21]} 22. b3
{[%clk 1:06:05]} c4 {[%clk 0:24:20]} 23. Qa6 {[%clk 1:03:24]} Ne3
{[%clk 0:18:38]} 24. Re1 {[%clk 1:01:58]} Nc2 {[%clk 0:18:17]} 25. Rc1
{[%clk 1:00:09]} Qe2 {[%clk 0:10:06]} 26. Qxc4 {[%clk 1:00:21]} Rxd2
{[%clk 0:08:27]} 27. Qxe2 {[%clk 1:00:43]} Rxe2 {[%clk 0:08:54]} 28. Kf1
{[%clk 1:01:04]} Re4 {[%clk 0:09:13]} 29. Rxc2 {[%clk 1:01:28]} Rxf4
{[%clk 0:09:40]} 30. Re2 {[%clk 1:01:44]} Kf8 {[%clk 0:03:52]} 31. Kf2
{[%clk 1:01:56]} h5 {[%clk 0:03:16]} 32. g3 {[%clk 1:02:01]} Rf5 {[%clk 0:03:42]}
33. h3 {[%clk 1:01:58]} f6 {[%clk 0:03:01]} 34. g4 {[%clk 1:01:50]} hxg4
{[%clk 0:02:59]} 35. hxg4 {[%clk 1:01:56]} Rf4 {[%clk 0:03:26]} 36. Kg3
{[%clk 0:58:26]} fxe5 {[%clk 0:03:12]} 37. Nxe5 {[%clk 0:58:37]} Bxe5
{[%clk 0:03:33]} 38. Rxe5 {[%clk 0:59:02]} Rf6 {[%clk 0:03:49]} 39. a4
{[%clk 0:58:50]} Rd6 {[%clk 0:03:43]} 40. Kf4 {[%clk 1:28:59]} Kf7
{[%clk 0:33:43]} 41. a5 {[%clk 1:29:04]} bxa5 {[%clk 0:29:48]} 42. Rxa5
{[%clk 1:28:13]} Rd1 {[%clk 0:30:12]} 43. b4 {[%clk 1:27:27]} Rc1
{[%clk 0:29:21]} 44. Rc5 {[%clk 1:27:49]} Rb1 {[%clk 0:29:23]} 45. b5
{[%clk 1:28:11]} Rb3 {[%clk 0:29:08]} 46. c4 {[%clk 1:28:27]} 1-0